Ética de la liberación en la edad de la globalización y de la exclusión

Esta obra se abre con una introducción histórica, no heleno ni eurocéntrica, en la que se reinterpretan los sistemas éticos en la historia mundial, hasta situar la problemática en la Modernidad dentro del sistema-mundo como proceso de globalización que simultáneamente excluye a la mayoría de la huma...

Full description

Bibliographic Details
Main Author: Dussel, Enrique D. 1934-
Format: Libro
Language:Spanish
Published: Madrid: Trotta, 2011.
Edition:7a ed.
Series:Estructuras y procesos ; Filosofìa
Subjects:
Online Access:

MARC

LEADER 00000cam a2200000 4500
003 UAHC
005 20210826110738.0
008 180906s2011 sp |||| |||| 00| 0 spa d
020 |a 9788498790900 
035 |a CENTRAL 
040 |a UAHC_CL  |c UAHC_CL  |d UAHC_CL 
082 |2 21  |a 170  |b D974 
100 |a Dussel, Enrique D.  |d 1934-  |9 410 
245 |a Ética de la liberación en la edad de la globalización y de la exclusión  |c Enrique Dussel. 
250 |a 7a ed. 
260 |a Madrid:  |b Trotta,  |c 2011. 
300 |a 661 p. 
440 |9 4327  |a Estructuras y procesos  |v ; Filosofìa 
520 |a Esta obra se abre con una introducción histórica, no heleno ni eurocéntrica, en la que se reinterpretan los sistemas éticos en la historia mundial, hasta situar la problemática en la Modernidad dentro del sistema-mundo como proceso de globalización que simultáneamente excluye a la mayoría de la humanidad. 
650 0 |9 223  |a Ética social 
650 0 |9 2813  |a Filosofía de la historia 
942 |2 ddc  |c BK 
952 |0 0  |1 0  |2 ddc  |4 0  |6 170_000000000000000_DUS  |7 0  |8 BAS  |9 90581  |a BR  |b BR  |c General  |d 2018-09-06  |e Compra: Liberalia  |g 281730.00  |l 3  |m 7  |o 170 DUS  |p 1461318  |r 2026-01-14 00:00:00  |s 2019-01-31  |t c.1  |v 28730.00  |w 2018-09-06  |x OC:2131 / Factura: 24092  |y BK  |A 115  |B ANT 
952 |0 0  |1 0  |2 ddc  |4 0  |6 170_000000000000000_DUS  |7 0  |8 BAS  |9 90582  |a BC  |b BC  |c General  |d 2018-09-06  |e Compra: Liberalia  |g 281730.00  |l 5  |m 3  |o 170 DUS  |p 1461319  |r 2026-01-07 00:00:00  |s 2025-11-18  |t c.2  |v 28730.00  |w 2018-09-06  |x OC:2131 / Factura: 24092  |y BK  |A 115  |B ANT 
999 |c 51001  |d 51001